000
00328nam a22001457a 4500
003
SGT
020
_a
978-93-5270-494-1
082
_a
610
_b
BOL
100
_a
BOLOOR, ARCHITH
245
_a
EXAM PREPARATORY MANUAL FOR UG MEDICINE
260
_a
INDIA
_b
JAYPEE
_c
2018
300
_a
1252
650
_a
MEDICINE
942
_2
ddc
_c
BK
999
_c
32413
_d
32413